A companion for the festivals and fast of the church of England (Record no. 8244)

MARC details
000 -CABECERA
campo de control de longitud fija 01024nam a2200289 a 4500
001 - NÚMERO DE CONTROL
campo de control BRCA_8581
005 - FECHA Y HORA DE LA ÚLTIMA TRANSACCIÓN
campo de control 20190320210334.0
008 - DATOS DE LONGITUD FIJA--INFORMACIÓN GENERAL
campo de control de longitud fija 190816s1717----uk-#######---#000-0#eng-#
041 ## - CÓDIGO DE LENGUA
Código de lengua del texto/banda sonora o título independiente eng
044 ## - CÓDIGO DEL PAÍS DE LA ENTIDAD EDITORA/PRODUCTORA
Código MARC del país Uk
050 #4 - SIGNATURA TOPOGRÁFICA DE LA BIBLIOTECA DEL CONGRESO
Número de clasificación BX5011
Número de documento/Ítem .A36
-- 1717
245 10 - MENCIÓN DE TÍTULO
Título A companion for the festivals and fast of the church of England
Resto del título with collects and prayers fo each solemnity.
250 ## - MENCIÓN DE EDICIÓN
Mención de edición tenth edition
260 ## - PUBLICACIÓN, DISTRIBUCIÓN, ETC.
Lugar de publicación, distribución, etc. London
Nombre del editor, distribuidor, etc. W. bowyer, for W. churchill
Fecha de publicación, distribución, etc. 1717
300 ## - DESCRIPCIÓN FÍSICA
Extensión xxii, 636 p.
Dimensiones 20 cm
500 ## - NOTA GENERAL
Nota general Fondo antiguo
500 ## - NOTA GENERAL
Nota general Se encuentra en Caja Fuerte
500 ## - NOTA GENERAL
Nota general 12-152
500 ## - NOTA GENERAL
Nota general Grabado en la anteportada
500 ## - NOTA GENERAL
Nota general Contiene prefacio
500 ## - NOTA GENERAL
Nota general Incluye índice alfabético
500 ## - NOTA GENERAL
Nota general Con dos firmas en la guarda: Gorges Foyle his book given him by his aunt Foyle, 1737. Anne Foyle given me by M. Bromely
506 0# - NOTA DE RESTRICCIONES AL ACCESO
Limitaciones de acceso Fondo reservado: para su consulta es necesario credencial de usuario y carta de motivos
650 14 - PUNTO DE ACCESO ADICIONAL DE MATERIA--TÉRMINO DE MATERIA
Término de materia o nombre geográfico como elemento de entrada Iglesia
Subdivisión geográfica Inglaterra
9 (RLIN) 21484
902 ## - CATALOGADOR
Iniciales LAR
942 ## - ELEMENTOS DE PUNTO DE ACCESO ADICIONAL (KOHA)
Fuente del sistema de clasificación o colocación Library of Congress Classification
Tipo de ítem Koha Libros
Holdings
Estado de retiro Estado de pérdida Estado dañado No para préstamo Localización permanente Ubicación/localización actual Fecha de adquisición Total de préstamos Signatura topográfica completa Código de barras Fecha visto por última vez Precio válido a partir de Tipo de ítem Koha
El ejemplar forma parte de la colección y puede ser consultado según las políticas vigentes.       Biblioteca del Museo Franz Mayer (Rogerio Casas-Alatriste) Biblioteca del Museo Franz Mayer (Rogerio Casas-Alatriste) 19/08/2016   BX5011 .A36 1717 LAR00086 22/03/2019 22/03/2019 Libros